{"text_format":"3","workbook":"xlsx","n_sheets":2,"sheets":["Foglio1","Foglio2"],"read":"whole","date_system":"1900"}

{"sheet":"Foglio1","index":0,"n_rows":419,"n_cols":14,"rows_kept":419,"merged":[[0,0,0,13],[1,0,1,5],[1,6,1,9],[1,10,1,13],[410,0,410,4],[410,6,410,8],[410,10,410,12],[412,6,412,11],[412,12,412,13],[413,6,413,11],[413,12,413,13],[414,6,414,9],[414,10,414,13],[415,6,415,9],[415,10,415,13],[416,2,416,3],[417,2,417,3],[418,2,418,3],[418,5,418,7],[418,8,418,12]]}
["SCHEMA OFFERTA RICAMBI SOLARIS"]
["ELENCO RICAMBI",{"$nulls":5},"RICAMBI ORIGINALI OFFERTI",{"$nulls":3},"RICAMBI EQUIVALENTI OFFERTI"]
["Descrizione del ricambio","P.N.\nOriginale","Unità di misura","Q.tà","Prezzo unitario a base d'asta","Prezzo totale a base d'asta","Marca","P. N. ","Prezzo unitario ","Prezzo\ntotale","Marca","P. N. ","Prezzo unitario","Prezzo\ntotale"]
["Motore a passo      ","0000-001-253","NR",2,{"v":141.13412775,"d":"€ 141.13"},{"$f":"SUM(E4*D4)","v":{"v":282.2682555,"d":"282.27"}},{"$nulls":3},{"$f":"I4*D4","v":0},{"$nulls":3},{"$f":"M4*D4","v":0}]
["Serbatoio gas       ","0000-009-899","NR",2,{"v":222.02437950000004,"d":"€ 222.02"},{"v":444.0487590000001,"d":"444.05"},{"$nulls":3},0,{"$nulls":3},0]
["VALVOLA DI DISIDRATA","0000-017-740","NR",2,{"v":300.98145000000005,"d":"€ 300.98"},{"v":601.9629000000001,"d":"601.96"},{"$nulls":3},0,{"$nulls":3},0]
["CILINDRO FRENO      ","0000-022-098","NR",2,{"v":238.82,"d":"€ 238.82"},477.64,{"$nulls":3},0,{"$nulls":3},0]
["MANICO FISSAGGIO    ","0000-031-654","NR",2,{"v":43.2889842,"d":"€ 43.29"},{"v":86.5779684,"d":"86.58"},{"$nulls":3},0,{"$nulls":3},0]
["Filtro     ","0000-031-668","NR",20,{"v":30.88,"d":"€ 30.88"},{"v":617.6,"d":"617.60"},{"$nulls":3},0,{"$nulls":3},0]
["Elemento fissante   ","0000-032-270","NR",3,{"v":11.908396500000002,"d":"€ 11.91"},{"v":35.725189500000006,"d":"35.73"},{"$nulls":3},0,{"$nulls":3},0]
["Tenditore alternator","0000-032-274","NR",3,{"v":18.855952500000004,"d":"€ 18.86"},{"v":56.56785750000002,"d":"56.57"},{"$nulls":3},0,{"$nulls":3},0]
["LAMPADA LUCE RETROMA","0000-036-383","NR",4,{"v":75.61177470000001,"d":"€ 75.61"},{"v":302.44709880000005,"d":"302.45"},{"$nulls":3},0,{"$nulls":3},0]
["INDICATORE DI DIREZI","0000-036-384","NR",2,{"v":52.85495985000001,"d":"€ 52.85"},{"v":105.70991970000001,"d":"105.71"},{"$nulls":3},0,{"$nulls":3},0]
["LAMPADA LUCE ANTINEB","0000-036-385","NR",2,{"v":52.85495985000001,"d":"€ 52.85"},{"v":105.70991970000001,"d":"105.71"},{"$nulls":3},0,{"$nulls":3},0]
["LAMPADA LUCE STOP E ","0000-036-386","NR",2,{"v":52.85495985000001,"d":"€ 52.85"},{"v":105.70991970000001,"d":"105.71"},{"$nulls":3},0,{"$nulls":3},0]
["PANNELLO TETTO      ","0000-039-441","NR",2,{"v":16.26,"d":"€ 16.26"},32.52,{"$nulls":3},0,{"$nulls":3},0]
["Tensione rullo      ","0000-057-506","NR",2,{"v":137.23802400000002,"d":"€ 137.24"},{"v":274.47604800000005,"d":"274.48"},{"$nulls":3},0,{"$nulls":3},0]
["Guarnizione","0000-058-474","NR",2,{"v":8.492911350000004,"d":"€ 8.49"},{"v":16.985822700000007,"d":"16.99"},{"$nulls":3},0,{"$nulls":3},0]
["Montaggio set       ","0000-059-867","NR",2,{"v":55.65539595000002,"d":"€ 55.66"},{"v":111.31079190000004,"d":"111.31"},{"$nulls":3},0,{"$nulls":3},0]
["MOTORE TERGICRISTALL","0000-061-127","NR",5,{"v":311.997609,"d":"€ 312.00"},{"v":1559.988045,"d":"1,559.99"},{"$nulls":3},0,{"$nulls":3},0]
["SPAZZOLE DEL TERGICR","0000-061-148","NR",10,{"v":40.92396000000001,"d":"€ 40.92"},{"v":409.2396000000001,"d":"409.24"},{"$nulls":3},0,{"$nulls":3},0]
["Puleggia   ","0000-069-641","NR",2,{"v":72.54485700000002,"d":"€ 72.54"},{"v":145.08971400000004,"d":"145.09"},{"$nulls":3},0,{"$nulls":3},0]
["AMMORTIZZATORE ANTER","0000-074-826","NR",4,{"v":165.25190220000005,"d":"€ 165.25"},{"v":661.0076088000002,"d":"661.01"},{"$nulls":3},0,{"$nulls":3},0]
["CINGHIA ","0000-088-660","NR",20,{"v":69.57,"d":"€ 69.57"},{"v":1391.3999999999999,"d":"1,391.40"},{"$nulls":3},0,{"$nulls":3},0]
["RUOTA FONICA","0000-090-686","NR",6,{"v":189.297108,"d":"€ 189.30"},{"v":1135.782648,"d":"1,135.78"},{"$nulls":3},0,{"$nulls":3},0]
["Serpentina pneumatic","0000-092-141","NR",2,{"v":386.1984588,"d":"€ 386.20"},{"v":772.3969176,"d":"772.40"},{"$nulls":3},0,{"$nulls":3},0]
["SENSORE CHIUSURA SPO","0000-093-860","NR",6,{"v":51.03598500000002,"d":"€ 51.04"},{"v":306.2159100000001,"d":"306.22"},{"$nulls":3},0,{"$nulls":3},0]
["Filtro     ","0000-099-019","NR",20,{"v":3.93,"d":"€ 3.93"},{"v":78.60000000000001,"d":"78.60"},{"$nulls":3},0,{"$nulls":3},0]
["Tubo del liquido di ","0000-109-422","NR",2,{"v":274.23335940000004,"d":"€ 274.23"},{"v":548.4667188000001,"d":"548.47"},{"$nulls":3},0,{"$nulls":3},0]
["Lampada di contorno ","0000-111-494","NR",4,{"v":23.777534550000006,"d":"€ 23.78"},{"v":95.11013820000002,"d":"95.11"},{"$nulls":3},0,{"$nulls":3},0]
["Filtro     ","0000-113-885","NR",20,{"v":23.638345500000003,"d":"€ 23.64"},{"v":472.76691000000005,"d":"472.77"},{"$nulls":3},0,{"$nulls":3},0]
["INDICATORE DI DIREZI","0000-115-177","NR",5,{"v":93.00326805,"d":"€ 93.00"},{"v":465.01634025,"d":"465.02"},{"$nulls":3},0,{"$nulls":3},0]
["CENTRALINA","0000-121-165","NR",1,{"v":669.97,"d":"€ 669.97"},669.97,{"$nulls":3},0,{"$nulls":3},0]
["supporto motore","0000-121-585","NR",4,{"v":2145.83,"d":"€ 2,145.83"},{"v":8583.32,"d":"8,583.32"},{"$nulls":3},0,{"$nulls":3},0]
["BRACCIO DELLO SPECCH","0000-121-715","NR",2,{"v":274.53,"d":"€ 274.53"},549.06,{"$nulls":3},0,{"$nulls":3},0]
["Modulo     ","0000-131-824","NR",2,{"v":234.76553100000007,"d":"€ 234.77"},{"v":469.53106200000013,"d":"469.53"},{"$nulls":3},0,{"$nulls":3},0]
["LAMPADA ILLUMINAZION","0000-134-679","NR",10,{"v":29.36532060000001,"d":"€ 29.37"},{"v":293.6532060000001,"d":"293.65"},{"$nulls":3},0,{"$nulls":3},0]
["Cuscinetti a sfere  ","0000-136-290","NR",5,{"v":141.02111100000002,"d":"€ 141.02"},{"v":705.1055550000001,"d":"705.11"},{"$nulls":3},0,{"$nulls":3},0]
["TUBETTO A “Z” PER IL","0000-139-699","NR",2,{"v":23.175571650000006,"d":"€ 23.18"},{"v":46.35114330000001,"d":"46.35"},{"$nulls":3},0,{"$nulls":3},0]
["POMPA ACQUA","0000-140-280","NR",1,{"v":296.52,"d":"€ 296.52"},296.52,{"$nulls":3},0,{"$nulls":3},0]
["MORSETTO DI FISSAGGI","0000-143-490","NR",2,{"v":36.49727235000001,"d":"€ 36.50"},{"v":72.99454470000002,"d":"72.99"},{"$nulls":3},0,{"$nulls":3},0]
["Serratura  ","0000-159-638","NR",2,{"v":30.04580040000001,"d":"€ 30.05"},{"v":60.09160080000002,"d":"60.09"},{"$nulls":3},0,{"$nulls":3},0]
["PANNELLO PASSARUOTA ","0000-167-352","NR",1,{"v":211.61613165000009,"d":"€ 211.62"},{"v":211.61613165000009,"d":"211.62"},{"$nulls":3},0,{"$nulls":3},0]
["FANALE IU12 COTRAL  ","0000-168-696","NR",2,{"v":163.34132430000003,"d":"€ 163.34"},{"v":326.68264860000005,"d":"326.68"},{"$nulls":3},0,{"$nulls":3},0]
["FANALE LUCI ANTINEBB","0000-171-707","NR",1,{"v":153.76226250000002,"d":"€ 153.76"},{"v":153.76226250000002,"d":"153.76"},{"$nulls":3},0,{"$nulls":3},0]
["FANALE LUCI ANTINEBB","0000-171-708","NR",1,{"v":153.76226250000002,"d":"€ 153.76"},{"v":153.76226250000002,"d":"153.76"},{"$nulls":3},0,{"$nulls":3},0]
["Protezione OTK      ","0000-172-311","NR",1,{"v":502.7044522500001,"d":"€ 502.70"},{"v":502.7044522500001,"d":"502.70"},{"$nulls":3},0,{"$nulls":3},0]
["LUCI DI MARCIA DIURN","0000-172-689","NR",1,{"v":163.04034285000003,"d":"€ 163.04"},{"v":163.04034285000003,"d":"163.04"},{"$nulls":3},0,{"$nulls":3},0]
["LUCI DI MARCIA DIURN","0000-172-690","NR",1,{"v":163.04034285000003,"d":"€ 163.04"},{"v":163.04034285000003,"d":"163.04"},{"$nulls":3},0,{"$nulls":3},0]
["SPORTELLO LATERALE","0000-175-797","NR",2,{"v":777.19,"d":"€ 777.19"},{"v":1554.38,"d":"1,554.38"},{"$nulls":3},0,{"$nulls":3},0]
["SPORTELLO LATERALE","0000-176-038","NR",2,{"v":545.35,"d":"€ 545.35"},{"v":1090.7,"d":"1,090.70"},{"$nulls":3},0,{"$nulls":3},0]
["SPORTELLO LATERALE","0000-176-043","NR",2,{"v":1057.63,"d":"€ 1,057.63"},{"v":2115.26,"d":"2,115.26"},{"$nulls":3},0,{"$nulls":3},0]
["LAMPADA DI CONTORNO ","0000-178-322","NR",4,{"v":9.474372600000002,"d":"€ 9.47"},{"v":37.89749040000001,"d":"37.90"},{"$nulls":3},0,{"$nulls":3},0]
["COPERTURA MONTANTE P","0000-188-187","NR",5,{"v":98.73500175000002,"d":"€ 98.74"},{"v":493.67500875000013,"d":"493.68"},{"$nulls":3},0,{"$nulls":3},0]
["COPERTURA MONTANTE P","0000-190-892","NR",5,{"v":98.73500175000002,"d":"€ 98.74"},{"v":493.67500875000013,"d":"493.68"},{"$nulls":3},0,{"$nulls":3},0]
["CENTRALINA RALLA","0000-196-844","NR",1,{"v":6600.654060000001,"d":"€ 6,600.65"},{"v":6600.654060000001,"d":"6,600.65"},{"$nulls":3},0,{"$nulls":3},0]
["VOLANTE IU12 COTRAL ","0000-197-791","NR",1,{"v":335.6597475000001,"d":"€ 335.66"},{"v":335.6597475000001,"d":"335.66"},{"$nulls":3},0,{"$nulls":3},0]
["VETRO PORTA 1","0000-203-885","NR",1,{"v":747.6379218000003,"d":"€ 747.64"},{"v":747.6379218000003,"d":"747.64"},{"$nulls":3},0,{"$nulls":3},0]
["VETRO PORTA 2","0000-203-887","NR",1,{"v":2133.91,"d":"€ 2,133.91"},{"v":2133.91,"d":"2,133.91"},{"$nulls":3},0,{"$nulls":3},0]
["SERVICE SET IU - SIN","0000-205-316","NR",5,{"v":337,"d":"€ 337.00"},{"v":1685,"d":"1,685.00"},{"$nulls":3},0,{"$nulls":3},0]
["SERVICE SET IU - DES","0000-205-979","NR",5,{"v":337,"d":"€ 337.00"},{"v":1685,"d":"1,685.00"},{"$nulls":3},0,{"$nulls":3},0]
["Ventilatore","0000-208-098","NR",2,{"v":548.0122725000001,"d":"€ 548.01"},{"v":1096.0245450000002,"d":"1,096.02"},{"$nulls":3},0,{"$nulls":3},0]
["BRACCIO TERGICRISTAL","0000-208-169","NR",2,{"v":57.44819850000001,"d":"€ 57.45"},{"v":114.89639700000002,"d":"114.90"},{"$nulls":3},0,{"$nulls":3},0]
["SPAZZOLE DEL TERGICR","0000-208-183","NR",10,{"v":24.245067000000002,"d":"€ 24.25"},{"v":242.45067000000003,"d":"242.45"},{"$nulls":3},0,{"$nulls":3},0]
["BRACCIO TERGICRISTAL","0000-208-935","NR",2,{"v":57.44819850000001,"d":"€ 57.45"},{"v":114.89639700000002,"d":"114.90"},{"$nulls":3},0,{"$nulls":3},0]
["MECCANISMO TERGICRIS","0000-208-945","NR",1,{"v":194.4007065,"d":"€ 194.40"},{"v":194.4007065,"d":"194.40"},{"$nulls":3},0,{"$nulls":3},0]
["Cerniera   ","0000-213-186","NR",2,{"v":36.14394630000001,"d":"€ 36.14"},{"v":72.28789260000002,"d":"72.29"},{"$nulls":3},0,{"$nulls":3},0]
["Fissaggio  ","0000-213-189","NR",4,{"v":4.109051100000001,"d":"€ 4.11"},{"$f":"SUM(E68*D68)","v":{"v":16.436204400000005,"d":"16.44"}},{"$nulls":3},{"$f":"I68*D68","v":0},{"$nulls":3},{"$f":"M68*D68","v":0}]
["COFANO POSTERIORE","0000-221-497","NR",1,{"v":1297.62,"d":"€ 1,297.62"},{"v":1297.62,"d":"1,297.62"},{"$nulls":3},0,{"$nulls":3},0]
["Tensione rullo      ","0000-228-634","NR",1,{"v":310.47485700000004,"d":"€ 310.47"},{"v":310.47485700000004,"d":"310.47"},{"$nulls":3},0,{"$nulls":3},0]
["SPORTELLO LATERALE","0000-229-508","NR",2,{"v":1230.2682199500002,"d":"€ 1,230.27"},{"v":2460.5364399000005,"d":"2,460.54"},{"$nulls":3},0,{"$nulls":3},0]
["SERRATURA  ","0000-245-107","NR",1,{"v":832.5670353000003,"d":"€ 832.57"},{"v":832.5670353000003,"d":"832.57"},{"$nulls":3},0,{"$nulls":3},0]
["VETRO PORTA 1 IU12 C","0000-246-074","NR",1,{"v":613.3609366500002,"d":"€ 613.36"},{"v":613.3609366500002,"d":"613.36"},{"$nulls":3},0,{"$nulls":3},0]
["SPORTELLO LATERALE","0000-273-349","NR",2,{"v":1051.28,"d":"€ 1,051.28"},{"v":2102.56,"d":"2,102.56"},{"$nulls":3},0,{"$nulls":3},0]
["SPORTELLO LATERALE","0000-274-402","NR",2,{"v":585.68,"d":"€ 585.68"},{"v":1171.36,"d":"1,171.36"},{"$nulls":3},0,{"$nulls":3},0]
["CENTRALINA ECAS","0000-282-104","NR",1,{"v":424.04,"d":"€ 424.04"},424.04,{"$nulls":3},0,{"$nulls":3},0]
["POMPA ADBLUE","0000-285-354","NR",1,{"v":5172.17,"d":"€ 5,172.17"},{"v":5172.17,"d":"5,172.17"},{"$nulls":3},0,{"$nulls":3},0]
["VALVOLA ADBLUE","0000-285-357","NR",1,{"v":711.53,"d":"€ 711.53"},711.53,{"$nulls":3},0,{"$nulls":3},0]
["INIETTORE ADBLUE","0000-285-363","NR",1,{"v":2354.46,"d":"€ 2,354.46"},{"v":2354.46,"d":"2,354.46"},{"$nulls":3},0,{"$nulls":3},0]
["COMPRESSORE KLIMA","0000-293-942","NR",1,{"v":4422.96,"d":"€ 4,422.96"},{"v":4422.96,"d":"4,422.96"},{"$nulls":3},0,{"$nulls":3},0]
["POMPA IDROVENTOLA","0000-300-864","NR",1,{"v":2358.16,"d":"€ 2,358.16"},{"v":2358.16,"d":"2,358.16"},{"$nulls":3},0,{"$nulls":3},0]
["AMMORTIZZATORE ASSALE POST","0000-307-481","NR",4,{"v":141.81460755000003,"d":"€ 141.81"},{"v":567.2584302000001,"d":"567.26"},{"$nulls":3},0,{"$nulls":3},0]
["Filtro     ","0000-312-590","NR",5,{"v":279.9127485,"d":"€ 279.91"},{"v":1399.5637425,"d":"1,399.56"},{"$nulls":3},0,{"$nulls":3},0]
["ALTERNATORE","0000-317-916","NR",2,{"v":722.4625485,"d":"€ 722.46"},{"v":1444.925097,"d":"1,444.93"},{"$nulls":3},0,{"$nulls":3},0]
["PASTIGLIE DEL FRENO ","0000-324-420","NR",20,{"v":225.73608750000008,"d":"€ 225.74"},{"v":4514.7217500000015,"d":"4,514.72"},{"$nulls":3},0,{"$nulls":3},0]
["COFANO ANTERIORE","0000-332-783","NR",1,{"v":502.50816000000015,"d":"€ 502.51"},{"v":502.50816000000015,"d":"502.51"},{"$nulls":3},0,{"$nulls":3},0]
["PARAURTI ANTERIORE","0000-333-319","NR",1,{"v":1238.8919928000003,"d":"€ 1,238.89"},{"v":1238.8919928000003,"d":"1,238.89"},{"$nulls":3},0,{"$nulls":3},0]
["PARAURTI ANTERIORE","0000-337-131","NR",1,{"v":1238.8919928000003,"d":"€ 1,238.89"},{"v":1238.8919928000003,"d":"1,238.89"},{"$nulls":3},0,{"$nulls":3},0]
["MOTORINO   ","0000-344-526","NR",3,{"v":123.84732360000004,"d":"€ 123.85"},{"v":371.5419708000001,"d":"371.54"},{"$nulls":3},0,{"$nulls":3},0]
["Supporto   ","0000-347-754","NR",10,{"v":35.27312250000001,"d":"€ 35.27"},{"v":352.73122500000005,"d":"352.73"},{"$nulls":3},0,{"$nulls":3},0]
["SELETTORE  ","0000-358-897","NR",1,{"v":37.25626905000001,"d":"€ 37.26"},{"v":37.25626905000001,"d":"37.26"},{"$nulls":3},0,{"$nulls":3},0]
["RADIATORE ACQUA","0000-378-596","NR",1,{"v":2310.23,"d":"€ 2,310.23"},{"v":2310.23,"d":"2,310.23"},{"$nulls":3},0,{"$nulls":3},0]
["RADIATORE OLIO","0000-378-598","NR",1,{"v":469.53,"d":"€ 469.53"},469.53,{"$nulls":3},0,{"$nulls":3},0]
["RADIATORE INTERCOOLER","0000-378-608","NR",1,{"v":1173.83,"d":"€ 1,173.83"},{"v":1173.83,"d":"1,173.83"},{"$nulls":3},0,{"$nulls":3},0]
["SOFFIETTO PNEUMATICO","0000-392-836","NR",6,{"v":143.54197935000005,"d":"€ 143.54"},{"v":861.2518761000003,"d":"861.25"},{"$nulls":3},0,{"$nulls":3},0]
["Filtro     ","0000-399-862","NR",5,{"v":50.33409150000001,"d":"€ 50.33"},{"v":251.67045750000003,"d":"251.67"},{"$nulls":3},0,{"$nulls":3},0]
["ESSICCATORE KLIMA","0000-404-515","NR",2,{"v":89.93754,"d":"€ 89.94"},{"v":179.87508,"d":"179.88"},{"$nulls":3},0,{"$nulls":3},0]
["VETRO SPORTELLO POSTERIORE","0004-001-202","NR",1,{"v":400.06,"d":"€ 400.06"},400.06,{"$nulls":3},0,{"$nulls":3},0]
["PARAURTI POSTERIORE","0004-001-518","NR",1,{"v":970.2856779000003,"d":"€ 970.29"},{"v":970.2856779000003,"d":"970.29"},{"$nulls":3},0,{"$nulls":3},0]
["SPORTELLO LATERALE","0004-001-581","NR",1,{"v":3183.7686919500006,"d":"€ 3,183.77"},{"v":3183.7686919500006,"d":"3,183.77"},{"$nulls":3},0,{"$nulls":3},0]
["SPORTELLO COFANO ANTERIORE","0004-001-973","NR",1,{"v":83.45037855000002,"d":"€ 83.45"},{"v":83.45037855000002,"d":"83.45"},{"$nulls":3},0,{"$nulls":3},0]
["SPORTELLO ADBLUE","0004-002-077","NR",1,{"v":87.24536205000003,"d":"€ 87.25"},{"v":87.24536205000003,"d":"87.25"},{"$nulls":3},0,{"$nulls":3},0]
["CLACSON    ","0004-010-872","NR",5,{"v":12.444928650000003,"d":"€ 12.44"},{"v":62.224643250000014,"d":"62.22"},{"$nulls":3},0,{"$nulls":3},0]
["CLACSON    ","0004-010-873","NR",5,{"v":12.444928650000003,"d":"€ 12.44"},{"v":62.224643250000014,"d":"62.22"},{"$nulls":3},0,{"$nulls":3},0]
["ELETTROFRIZIONE KLIMA","0004-011-384","NR",1,{"v":2094.23,"d":"€ 2,094.23"},{"v":2094.23,"d":"2,094.23"},{"$nulls":3},0,{"$nulls":3},0]
["VETRO PORTA","0004-019-685","NR",1,{"v":791.1231982500001,"d":"€ 791.12"},{"v":791.1231982500001,"d":"791.12"},{"$nulls":3},0,{"$nulls":3},0]
["VETRO PORTA","0004-019-689","NR",1,{"v":791.1231982500001,"d":"€ 791.12"},{"v":791.1231982500001,"d":"791.12"},{"$nulls":3},0,{"$nulls":3},0]
["VETRO LATERALE","0004-019-918","NR",1,{"v":298.4950815000001,"d":"€ 298.50"},{"v":298.4950815000001,"d":"298.50"},{"$nulls":3},0,{"$nulls":3},0]
["VETRO LATERALE","0004-019-920","NR",1,{"v":376.71,"d":"€ 376.71"},376.71,{"$nulls":3},0,{"$nulls":3},0]
["FINESTRINO CONDUCENT","0004-020-345","NR",1,{"v":2453.1296790000006,"d":"€ 2,453.13"},{"v":2453.1296790000006,"d":"2,453.13"},{"$nulls":3},0,{"$nulls":3},0]
["VETRO CARTELLO INDICATORE","0004-023-399","NR",1,{"v":388.49,"d":"€ 388.49"},388.49,{"$nulls":3},0,{"$nulls":3},0]
["Radio      ","0004-026-541","NR",1,{"v":156.83750775000004,"d":"€ 156.84"},{"v":156.83750775000004,"d":"156.84"},{"$nulls":3},0,{"$nulls":3},0]
["Izol. rury wydech. S","0004-027-324","NR",5,{"v":364.61939745000006,"d":"€ 364.62"},{"v":1823.0969872500004,"d":"1,823.10"},{"$nulls":3},0,{"$nulls":3},0]
["FILTRO KLIMA","0004-027-943","NR",12,{"v":9.945474,"d":"€ 9.95"},{"v":119.34568800000001,"d":"119.35"},{"$nulls":3},0,{"$nulls":3},0]
["Filtro     ","0004-027-950","NR",5,{"v":5.686527000000002,"d":"€ 5.69"},{"v":28.43263500000001,"d":"28.43"},{"$nulls":3},0,{"$nulls":3},0]
["Multiplekser Mux2-B ","0004-047-381","NR",1,{"v":1292.91,"d":"€ 1,292.91"},{"v":1292.91,"d":"1,292.91"},{"$nulls":3},0,{"$nulls":3},0]
["VALVOLA DUE VIE     ","0004-053-877","NR",5,{"v":161.62703865000006,"d":"€ 161.63"},{"v":808.1351932500003,"d":"808.14"},{"$nulls":3},0,{"$nulls":3},0]
["VALVOLA A TRE VIE   ","0004-053-878","NR",5,{"v":162.16357080000003,"d":"€ 162.16"},{"v":810.8178540000001,"d":"810.82"},{"$nulls":3},0,{"$nulls":3},0]
["SPORTELLO LATERALE","0004-300-100","NR",1,{"v":786.215892,"d":"€ 786.22"},{"v":786.215892,"d":"786.22"},{"$nulls":3},0,{"$nulls":3},0]
["SPORTELLO LATERALE","0004-300-310","NR",1,{"v":1422.1896958500004,"d":"€ 1,422.19"},{"v":1422.1896958500004,"d":"1,422.19"},{"$nulls":3},0,{"$nulls":3},0]
["SPORTELLO LATERALE","0004-300-340","NR",1,{"v":1147.0533921000003,"d":"€ 1,147.05"},{"v":1147.0533921000003,"d":"1,147.05"},{"$nulls":3},0,{"$nulls":3},0]
["VETRO LATERALE      ","0004-307-931","NR",4,{"v":630.27,"d":"€ 630.27"},{"v":2521.08,"d":"2,521.08"},{"$nulls":3},0,{"$nulls":3},0]
["PASSARUOTA","0004-312-397","NR",2,{"v":290.44709925,"d":"€ 290.45"},{"v":580.8941985,"d":"580.89"},{"$nulls":3},0,{"$nulls":3},0]
["PASSARUOTA","0004-312-979","NR",2,{"v":290.44709925,"d":"€ 290.45"},{"v":580.8941985,"d":"580.89"},{"$nulls":3},0,{"$nulls":3},0]
["PARAURTI ANTERIORE","0004-314-708","NR",1,{"v":149.66629755000005,"d":"€ 149.67"},{"v":149.66629755000005,"d":"149.67"},{"$nulls":3},0,{"$nulls":3},0]
["COFANO ANTERIORE","0004-314-848","NR",1,{"v":1016.2573228500004,"d":"€ 1,016.26"},{"v":1016.2573228500004,"d":"1,016.26"},{"$nulls":3},0,{"$nulls":3},0]
["PANNELLO LATERALE","0004-315-036","NR",1,{"v":313.29551715,"d":"€ 313.30"},{"v":313.29551715,"d":"313.30"},{"$nulls":3},0,{"$nulls":3},0]
["SOGLIA LATERALE","0004-315-320","NR",1,{"v":162.77861985000004,"d":"€ 162.78"},{"v":162.77861985000004,"d":"162.78"},{"$nulls":3},0,{"$nulls":3},0]
["SOGLIA LATERALE","0004-315-364","NR",1,{"v":222.4645500000001,"d":"€ 222.46"},{"v":222.4645500000001,"d":"222.46"},{"$nulls":3},0,{"$nulls":3},0]
["SOGLIA LATERALE","0004-315-366","NR",1,{"v":202.06324215000004,"d":"€ 202.06"},{"v":202.06324215000004,"d":"202.06"},{"$nulls":3},0,{"$nulls":3},0]
["SOGLIA LATERALE","0004-316-509","NR",1,{"v":83.45037855000002,"d":"€ 83.45"},{"v":83.45037855000002,"d":"83.45"},{"$nulls":3},0,{"$nulls":3},0]
["PANNELLO LATERALE","0004-316-680","NR",1,{"v":280.1,"d":"€ 280.10"},{"$f":"SUM(E132*D132)","v":{"v":280.1,"d":"280.10"}},{"$nulls":3},{"$f":"I132*D132","v":0},{"$nulls":3},{"$f":"M132*D132","v":0}]
["PARAURTI ANTERIORE","0004-316-762","NR",1,{"v":177.89312310000005,"d":"€ 177.89"},{"v":177.89312310000005,"d":"177.89"},{"$nulls":3},0,{"$nulls":3},0]
["PARAURTI ANTERIORE","0004-316-764","NR",1,{"v":177.89312310000005,"d":"€ 177.89"},{"v":177.89312310000005,"d":"177.89"},{"$nulls":3},0,{"$nulls":3},0]
["ELEMENTO PARAURTI","0004-316-765","NR",1,{"v":63.17993220000002,"d":"€ 63.18"},{"v":63.17993220000002,"d":"63.18"},{"$nulls":3},0,{"$nulls":3},0]
["ELEMENTO PARAURTI","0004-316-766","NR",1,{"v":63.17993220000002,"d":"€ 63.18"},{"v":63.17993220000002,"d":"63.18"},{"$nulls":3},0,{"$nulls":3},0]
["SOGLIA LATERALE","0004-316-856","NR",1,{"v":347.2671625500001,"d":"€ 347.27"},{"v":347.2671625500001,"d":"347.27"},{"$nulls":3},0,{"$nulls":3},0]
["SOGLIA LATERALE","0004-316-899","NR",1,{"v":222.4645500000001,"d":"€ 222.46"},{"v":222.4645500000001,"d":"222.46"},{"$nulls":3},0,{"$nulls":3},0]
["SOGLIA LATERALE","0004-316-926","NR",1,{"v":280.95964050000003,"d":"€ 280.96"},{"v":280.95964050000003,"d":"280.96"},{"$nulls":3},0,{"$nulls":3},0]
["ELEMENTO PARAURTI","0004-317-061","NR",1,{"v":87.89966955000004,"d":"€ 87.90"},{"v":87.89966955000004,"d":"87.90"},{"$nulls":3},0,{"$nulls":3},0]
["ELEMENTO PARAURTI","0004-317-174","NR",1,{"v":63.80806740000001,"d":"€ 63.81"},{"v":63.80806740000001,"d":"63.81"},{"$nulls":3},0,{"$nulls":3},0]
["SPORTELLO CARBURANTE","0004-319-175","NR",1,{"v":509.2867857000002,"d":"€ 509.29"},{"v":509.2867857000002,"d":"509.29"},{"$nulls":3},0,{"$nulls":3},0]
["LUNOTTO POSTERIORE","0004-319-739","NR",1,{"v":419.80369200000007,"d":"€ 419.80"},{"v":419.80369200000007,"d":"419.80"},{"$nulls":3},0,{"$nulls":3},0]
["VETRO LATERALE","0004-327-331","NR",1,{"v":294.92256255000007,"d":"€ 294.92"},{"v":294.92256255000007,"d":"294.92"},{"$nulls":3},0,{"$nulls":3},0]
["VETRO LATERALE","0004-327-339","NR",1,{"v":294.92256255000007,"d":"€ 294.92"},{"v":294.92256255000007,"d":"294.92"},{"$nulls":3},0,{"$nulls":3},0]
["VETRO LATERALE","0004-327-595","NR",1,{"v":294.92256255000007,"d":"€ 294.92"},{"v":294.92256255000007,"d":"294.92"},{"$nulls":3},0,{"$nulls":3},0]
["VETRO LATERALE","0004-327-598","NR",1,{"v":508.95,"d":"€ 508.95"},508.95,{"$nulls":3},0,{"$nulls":3},0]
["VETRO LATERALE","0004-329-871","NR",1,{"v":294.92256255000007,"d":"€ 294.92"},{"v":294.92256255000007,"d":"294.92"},{"$nulls":3},0,{"$nulls":3},0]
["VETRO LATERALE","0004-329-879","NR",1,{"v":294.92,"d":"€ 294.92"},294.92,{"$nulls":3},0,{"$nulls":3},0]
["VETRO LATERALE","0004-331-985","NR",1,{"v":397.4525478000001,"d":"€ 397.45"},{"v":397.4525478000001,"d":"397.45"},{"$nulls":3},0,{"$nulls":3},0]
["VETRO LATERALE","0004-332-004","NR",1,{"v":397.4525478000001,"d":"€ 397.45"},{"v":397.4525478000001,"d":"397.45"},{"$nulls":3},0,{"$nulls":3},0]
["PANNELLO LATERALE","0004-336-036","NR",1,{"v":239.61,"d":"€ 239.61"},239.61,{"$nulls":3},0,{"$nulls":3},0]
["PANNELLO LATERALE","0004-336-043","NR",1,{"v":448.95,"d":"€ 448.95"},448.95,{"$nulls":3},0,{"$nulls":3},0]
["VETRO LATERALE","0004-336-127","NR",1,{"v":294.92256255000007,"d":"€ 294.92"},{"v":294.92256255000007,"d":"294.92"},{"$nulls":3},0,{"$nulls":3},0]
["VETRO LATERALE","0004-336-168","NR",1,{"v":294.92256255000007,"d":"€ 294.92"},{"v":294.92256255000007,"d":"294.92"},{"$nulls":3},0,{"$nulls":3},0]
["VETRO LATERALE","0004-336-179","NR",1,{"v":316.4,"d":"€ 316.40"},{"v":316.4,"d":"316.40"},{"$nulls":3},0,{"$nulls":3},0]
["VETRO LATERALE","0004-336-188","NR",1,{"v":294.92,"d":"€ 294.92"},294.92,{"$nulls":3},0,{"$nulls":3},0]
["VETRO LATERALE","0004-336-703","NR",1,{"v":437.95,"d":"€ 437.95"},437.95,{"$nulls":3},0,{"$nulls":3},0]
["PANNELLO LATERALE","0004-336-902","NR",1,{"v":596.9,"d":"€ 596.90"},{"v":596.9,"d":"596.90"},{"$nulls":3},0,{"$nulls":3},0]
["SOGLIA LATERALE","0004-336-942","NR",1,{"v":36.62,"d":"€ 36.62"},36.62,{"$nulls":3},0,{"$nulls":3},0]
["VETRO LATERALE","0004-341-460","NR",1,{"v":317.55,"d":"€ 317.55"},317.55,{"$nulls":3},0,{"$nulls":3},0]
["Supporto alternatore","0016-000-957","NR",1,{"v":130.57598400000003,"d":"€ 130.58"},{"v":130.57598400000003,"d":"130.58"},{"$nulls":3},0,{"$nulls":3},0]
["Supporto   ","0016-001-582","NR",4,{"v":4.1483095500000005,"d":"€ 4.15"},{"v":16.593238200000002,"d":"16.59"},{"$nulls":3},0,{"$nulls":3},0]
["Serratura  ","0016-001-634","NR",1,{"v":107.24099925000003,"d":"€ 107.24"},{"v":107.24099925000003,"d":"107.24"},{"$nulls":3},0,{"$nulls":3},0]
["Paraurti anteriore  ","0016-001-636","NR",1,{"v":505.57031910000006,"d":"€ 505.57"},{"v":505.57031910000006,"d":"505.57"},{"$nulls":3},0,{"$nulls":3},0]
["PARAURTI ANTERIORE  ","0016-001-639","NR",1,{"v":515.7906022500001,"d":"€ 515.79"},{"v":515.7906022500001,"d":"515.79"},{"$nulls":3},0,{"$nulls":3},0]
["cofano anteriore","0016-001-651","NR",1,{"v":1215.4154397000002,"d":"€ 1,215.42"},{"v":1215.4154397000002,"d":"1,215.42"},{"$nulls":3},0,{"$nulls":3},0]
["PARAURTI ANTERIORE  ","0016-001-656","NR",1,{"v":515.7906022500001,"d":"€ 515.79"},{"v":515.7906022500001,"d":"515.79"},{"$nulls":3},0,{"$nulls":3},0]
["Cornice    ","0016-001-661","NR",1,{"v":145.23009270000003,"d":"€ 145.23"},{"v":145.23009270000003,"d":"145.23"},{"$nulls":3},0,{"$nulls":3},0]
["Serbatoio liquido sp","0016-001-707","NR",1,{"v":524.21,"d":"€ 524.21"},524.21,{"$nulls":3},0,{"$nulls":3},0]
["Guarnizione, collett","0101-990-239","NR",5,{"v":19.014175950000006,"d":"€ 19.01"},{"v":95.07087975000003,"d":"95.07"},{"$nulls":3},0,{"$nulls":3},0]
["Guarnizione","0101-990-240","NR",5,{"v":5.746009500000001,"d":"€ 5.75"},{"v":28.730047500000005,"d":"28.73"},{"$nulls":3},0,{"$nulls":3},0]
["Fusibile   ","0101-990-248","NR",10,{"v":5.496183000000002,"d":"€ 5.50"},{"v":54.96183000000002,"d":"54.96"},{"$nulls":3},0,{"$nulls":3},0]
["TUBO DELL ASTA DI LI","0101-990-369","NR",1,{"v":774.3205816500001,"d":"€ 774.32"},{"v":774.3205816500001,"d":"774.32"},{"$nulls":3},0,{"$nulls":3},0]
["ANELLO","0101-990-370","NR",1,{"v":25.958163000000003,"d":"€ 25.96"},{"v":25.958163000000003,"d":"25.96"},{"$nulls":3},0,{"$nulls":3},0]
["Coperchio  ","0101-990-374","NR",2,{"v":267.5641815,"d":"€ 267.56"},{"v":535.128363,"d":"535.13"},{"$nulls":3},0,{"$nulls":3},0]
["Guarnizione","0101-990-380","NR",6,{"v":5.567562,"d":"€ 5.57"},{"v":33.405372,"d":"33.41"},{"$nulls":3},0,{"$nulls":3},0]
["Tubo dell olio, lato","0101-990-396","NR",2,{"v":259.23663150000004,"d":"€ 259.24"},{"v":518.4732630000001,"d":"518.47"},{"$nulls":3},0,{"$nulls":3},0]
["Tappo      ","0101-990-399","NR",4,{"v":9.588579000000003,"d":"€ 9.59"},{"v":38.35431600000001,"d":"38.35"},{"$nulls":3},0,{"$nulls":3},0]
["Tubo flessibile     ","0101-990-400","NR",2,{"v":266.6362545,"d":"€ 266.64"},{"v":533.272509,"d":"533.27"},{"$nulls":3},0,{"$nulls":3},0]
["Guarnizione, pompa d","0101-990-401","NR",2,{"v":23.531277000000006,"d":"€ 23.53"},{"v":47.06255400000001,"d":"47.06"},{"$nulls":3},0,{"$nulls":3},0]
["Tubo del liquido di ","0101-990-403","NR",1,{"v":291.916317,"d":"€ 291.92"},{"v":291.916317,"d":"291.92"},{"$nulls":3},0,{"$nulls":3},0]
["ANELLO","0101-990-405","NR",2,{"v":32.8700295,"d":"€ 32.87"},{"v":65.740059,"d":"65.74"},{"$nulls":3},0,{"$nulls":3},0]
["FASCETTA   ","0105-115-527","NR",5,{"v":86.10686700000001,"d":"€ 86.11"},{"v":430.53433500000006,"d":"430.53"},{"$nulls":3},0,{"$nulls":3},0]
["Guarnizione di gomma","0105-115-550","NR",2,{"v":24.74472,"d":"€ 24.74"},{"v":49.48944,"d":"49.49"},{"$nulls":3},0,{"$nulls":3},0]
["CINGHIA - 2 PER CONF","0107-767-098","NR",20,{"v":20.152671000000005,"d":"€ 20.15"},{"v":403.0534200000001,"d":"403.05"},{"$nulls":3},0,{"$nulls":3},0]
["CINGHIA","0107-767-211","NR",20,{"v":30.36,"d":"€ 30.36"},{"v":607.2,"d":"607.20"},{"$nulls":3},0,{"$nulls":3},0]
["ANELLO","0110-380-210","NR",10,{"v":1.0825815,"d":"€ 1.08"},{"v":10.825815,"d":"10.83"},{"$nulls":3},0,{"$nulls":3},0]
["Guarnizione di gomma","0110-380-217","NR",2,{"v":17.226132000000007,"d":"€ 17.23"},{"v":34.452264000000014,"d":"34.45"},{"$nulls":3},0,{"$nulls":3},0]
["Filtro     ","0112-142-463","NR",20,{"v":32.06,"d":"€ 32.06"},{"v":641.2,"d":"641.20"},{"$nulls":3},0,{"$nulls":3},0]
["SENSORE DI PRESSIONE","0114-101-000","NR",3,{"v":60.09,"d":"€ 60.09"},180.27,{"$nulls":3},0,{"$nulls":3},0]
["Testata    ","0120-301-018","NR",1,{"v":1137.9597075000001,"d":"€ 1,137.96"},{"v":1137.9597075000001,"d":"1,137.96"},{"$nulls":3},0,{"$nulls":3},0]
["Asta livello olio   ","0120-301-943","NR",1,{"v":163.37463450000004,"d":"€ 163.37"},{"v":163.37463450000004,"d":"163.37"},{"$nulls":3},0,{"$nulls":3},0]
["Asta livello olio   ","0120-301-945","NR",1,{"v":141.0330075,"d":"€ 141.03"},{"v":141.0330075,"d":"141.03"},{"$nulls":3},0,{"$nulls":3},0]
["Filtro     ","0120-302-481","NR",5,{"v":88.98582,"d":"€ 88.99"},{"v":444.9291,"d":"444.93"},{"$nulls":3},0,{"$nulls":3},0]
["Filtro     ","0120-302-571","NR",5,{"v":60.19629000000001,"d":"€ 60.20"},{"$f":"SUM(E196*D196)","v":{"v":300.98145000000005,"d":"300.98"}},{"$nulls":3},{"$f":"I196*D196","v":0},{"$nulls":3},{"$f":"M196*D196","v":0}]
["Filtro     ","0120-302-573","NR",5,{"v":75.89967000000001,"d":"€ 75.90"},{"v":379.4983500000001,"d":"379.50"},{"$nulls":3},0,{"$nulls":3},0]
["Filtro     ","0120-302-811","NR",5,{"v":85.50014550000003,"d":"€ 85.50"},{"v":427.50072750000015,"d":"427.50"},{"$nulls":3},0,{"$nulls":3},0]
["Avviatore  ","0120-302-975","NR",1,{"v":1256.5678125000002,"d":"€ 1,256.57"},{"v":1256.5678125000002,"d":"1,256.57"},{"$nulls":3},0,{"$nulls":3},0]
["CINGHIA TRAPEZOIDALE","0120-303-436","NR",5,{"v":169.33,"d":"€ 169.33"},{"v":846.6500000000001,"d":"846.65"},{"$nulls":3},0,{"$nulls":3},0]
["Filtro     ","0120-310-085","NR",20,{"v":26.96,"d":"€ 26.96"},{"v":539.2,"d":"539.20"},{"$nulls":3},0,{"$nulls":3},0]
["TAPPO CONTENITORE AD","0120-322-518","NR",2,{"v":27.441656550000005,"d":"€ 27.44"},{"v":54.88331310000001,"d":"54.88"},{"$nulls":3},0,{"$nulls":3},0]
["Guarnizione","0120-322-595","NR",2,{"v":3.3500544000000008,"d":"€ 3.35"},{"v":6.7001088000000015,"d":"6.70"},{"$nulls":3},0,{"$nulls":3},0]
["Tubo di riempimento ","0120-322-960","NR",2,{"v":255.59868180000004,"d":"€ 255.60"},{"v":511.1973636000001,"d":"511.20"},{"$nulls":3},0,{"$nulls":3},0]
["Tappo del serbatoio ","0120-432-307","NR",6,{"v":36.60196155000001,"d":"€ 36.60"},{"v":219.61176930000008,"d":"219.61"},{"$nulls":3},0,{"$nulls":3},0]
["Vibroisolatore in me","0120-432-598","NR",10,{"v":30.281351100000013,"d":"€ 30.28"},{"v":302.8135110000001,"d":"302.81"},{"$nulls":3},0,{"$nulls":3},0]
["Vibroisolatore in me","0120-432-599","NR",10,{"v":9.251908050000003,"d":"€ 9.25"},{"v":92.51908050000003,"d":"92.52"},{"$nulls":3},0,{"$nulls":3},0]
["supporto motore","0121-306-002","NR",4,{"v":788.14,"d":"€ 788.14"},{"v":3152.56,"d":"3,152.56"},{"$nulls":3},0,{"$nulls":3},0]
["Filtro     ","0131-506-023","NR",20,{"v":32.8,"d":"€ 32.80"},{"v":656,"d":"656.00"},{"$nulls":3},0,{"$nulls":3},0]
["Coperchio  ","0131-506-035","NR",2,{"v":31.668483000000005,"d":"€ 31.67"},{"v":63.33696600000001,"d":"63.34"},{"$nulls":3},0,{"$nulls":3},0]
["Filtro     ","0131-506-050","NR",20,{"v":42.66,"d":"€ 42.66"},{"v":853.1999999999999,"d":"853.20"},{"$nulls":3},0,{"$nulls":3},0]
["SEPARATORE DI OLIO  ","0132-434-001","NR",1,{"v":246.97134000000003,"d":"€ 246.97"},{"v":246.97134000000003,"d":"246.97"},{"$nulls":3},0,{"$nulls":3},0]
["TUBO CARBURANTE     ","0199-000-105","NR",2,{"v":58.27,"d":"€ 58.27"},116.54,{"$nulls":3},0,{"$nulls":3},0]
["TUBO CARBURANTE     ","0199-000-106","NR",2,{"v":60.65,"d":"€ 60.65"},{"v":121.3,"d":"121.30"},{"$nulls":3},0,{"$nulls":3},0]
["TUBO CARBURANTE     ","0199-000-107","NR",2,{"v":29.54,"d":"€ 29.54"},59.08,{"$nulls":3},0,{"$nulls":3},0]
["TUBO CARBURANTE     ","0199-000-108","NR",2,{"v":60.65,"d":"€ 60.65"},{"v":121.3,"d":"121.30"},{"$nulls":3},0,{"$nulls":3},0]
["TUBO CARBURANTE     ","0199-000-185","NR",2,{"v":57.88,"d":"€ 57.88"},115.76,{"$nulls":3},0,{"$nulls":3},0]
["Filtro     ","0203-104-052","NR",20,{"v":98.15,"d":"€ 98.15"},{"v":1963,"d":"1,963.00"},{"$nulls":3},0,{"$nulls":3},0]
["Supporto   ","0299-000-437","NR",4,{"v":31.64231070000001,"d":"€ 31.64"},{"v":126.56924280000004,"d":"126.57"},{"$nulls":3},0,{"$nulls":3},0]
["Filtro     ","0299-000-520","NR",20,{"v":58.89,"d":"€ 58.89"},{"v":1177.8,"d":"1,177.80"},{"$nulls":3},0,{"$nulls":3},0]
["Supporto   ","0299-000-536","NR",3,{"v":18.202834650000003,"d":"€ 18.20"},{"v":54.608503950000014,"d":"54.61"},{"$nulls":3},0,{"$nulls":3},0]
["Tubo del sistema di ","0299-000-569","NR",2,{"v":1039.7077036500002,"d":"€ 1,039.71"},{"v":2079.4154073000004,"d":"2,079.42"},{"$nulls":3},0,{"$nulls":3},0]
["TUBO SCARICO","0299-001-083","NR",1,{"v":751.05,"d":"€ 751.05"},751.05,{"$nulls":3},0,{"$nulls":3},0]
["CENTRALINA ADBLUE","0299-001-130","NR",1,{"v":1824.54,"d":"€ 1,824.54"},{"v":1824.54,"d":"1,824.54"},{"$nulls":3},0,{"$nulls":3},0]
["SENSORE NOX","0299-001-148","NR",1,{"v":517.5,"d":"€ 517.50"},{"v":517.5,"d":"517.50"},{"$nulls":3},0,{"$nulls":3},0]
["SENSORE NOX","0299-001-495","NR",1,{"v":1054.74,"d":"€ 1,054.74"},{"v":1054.74,"d":"1,054.74"},{"$nulls":3},0,{"$nulls":3},0]
["SENSORE LIVELLO     ","0303-175-305","NR",1,{"v":95.26717200000002,"d":"€ 95.27"},{"v":95.26717200000002,"d":"95.27"},{"$nulls":3},0,{"$nulls":3},0]
["Filtro     ","0303-380-030","NR",2,{"v":16.310101500000002,"d":"€ 16.31"},{"v":32.620203000000004,"d":"32.62"},{"$nulls":3},0,{"$nulls":3},0]
["Filtro     ","0303-380-036","NR",20,{"v":68.04798000000001,"d":"€ 68.05"},{"v":1360.9596000000001,"d":"1,360.96"},{"$nulls":3},0,{"$nulls":3},0]
["TUBO DI COLLEGAMENTO","0303-380-050","NR",2,{"v":3.5689500000000005,"d":"€ 3.57"},{"v":7.137900000000001,"d":"7.14"},{"$nulls":3},0,{"$nulls":3},0]
["Tubo di mandata     ","0499-000-091","NR",1,{"v":102.50024400000002,"d":"€ 102.50"},{"v":102.50024400000002,"d":"102.50"},{"$nulls":3},0,{"$nulls":3},0]
["Filtro     ","0499-000-469","NR",5,{"v":117.12104250000003,"d":"€ 117.12"},{"v":585.6052125000001,"d":"585.61"},{"$nulls":3},0,{"$nulls":3},0]
["Interruttore 123DNR ","0520-130-162","NR",2,{"v":311.65974840000007,"d":"€ 311.66"},{"v":623.3194968000001,"d":"623.32"},{"$nulls":3},0,{"$nulls":3},0]
["Filtro     ","0520-130-166","NR",20,{"v":95.57648100000003,"d":"€ 95.58"},{"v":1911.5296200000007,"d":"1,911.53"},{"$nulls":3},0,{"$nulls":3},0]
["O-RING FILTRO","0520-130-168","NR",20,{"v":11.15,"d":"€ 11.15"},{"v":223,"d":"223.00"},{"$nulls":3},0,{"$nulls":3},0]
["Distributore        ","0520-900-038","NR",1,{"v":349.5191700000001,"d":"€ 349.52"},{"v":349.5191700000001,"d":"349.52"},{"$nulls":3},0,{"$nulls":3},0]
["Impianto lubrificazi","0528-402-502","NR",1,{"v":1380.4341705000002,"d":"€ 1,380.43"},{"v":1380.4341705000002,"d":"1,380.43"},{"$nulls":3},0,{"$nulls":3},0]
["ELEMENTO DI TENUTA  ","0707-000-012","NR",6,{"v":19.629225,"d":"€ 19.63"},{"v":117.77535,"d":"117.78"},{"$nulls":3},0,{"$nulls":3},0]
["CUSCINETTO ","0707-000-033","NR",2,{"v":516.3081000000001,"d":"€ 516.31"},{"v":1032.6162000000002,"d":"1,032.62"},{"$nulls":3},0,{"$nulls":3},0]
["ANELLO","0707-000-034","NR",6,{"v":23.911965000000002,"d":"€ 23.91"},{"v":143.47179,"d":"143.47"},{"$nulls":3},0,{"$nulls":3},0]
["DISCO FRENO","0707-000-036","NR",4,{"v":242.09377500000008,"d":"€ 242.09"},{"v":968.3751000000003,"d":"968.38"},{"$nulls":3},0,{"$nulls":3},0]
["PINZA FRENO","0720-382-246","NR",1,{"v":1180.35,"d":"€ 1,180.35"},{"v":1180.35,"d":"1,180.35"},{"$nulls":3},0,{"$nulls":3},0]
["PINZA FRENO","0720-382-247","NR",1,{"v":1308.615,"d":"€ 1,308.62"},{"v":1308.615,"d":"1,308.62"},{"$nulls":3},0,{"$nulls":3},0]
["CILINDRO FRENO      ","0721-399-091","NR",1,{"v":916.0305000000004,"d":"€ 916.03"},{"v":916.0305000000004,"d":"916.03"},{"$nulls":3},0,{"$nulls":3},0]
["Tirante    ","0801-006-672","NR",4,{"v":761.0643117000002,"d":"€ 761.06"},{"v":3044.2572468000008,"d":"3,044.26"},{"$nulls":3},0,{"$nulls":3},0]
["SNODO SFERICO       ","0801-211-834","NR",5,{"v":108.07970250000001,"d":"€ 108.08"},{"v":540.3985125,"d":"540.40"},{"$nulls":3},0,{"$nulls":3},0]
["SNODO SFERICO       ","0801-211-835","NR",5,{"v":108.07970250000001,"d":"€ 108.08"},{"v":540.3985125,"d":"540.40"},{"$nulls":3},0,{"$nulls":3},0]
["Rosetta distanziale ","0820-352-052","NR",2,{"v":6.531178500000001,"d":"€ 6.53"},{"v":13.062357000000002,"d":"13.06"},{"$nulls":3},0,{"$nulls":3},0]
["Rosetta distanziale ","0820-352-053","NR",2,{"v":10.409437500000001,"d":"€ 10.41"},{"v":20.818875000000002,"d":"20.82"},{"$nulls":3},0,{"$nulls":3},0]
["Rosetta distanziale ","0820-352-054","NR",2,{"v":6.531178500000001,"d":"€ 6.53"},{"v":13.062357000000002,"d":"13.06"},{"$nulls":3},0,{"$nulls":3},0]
["Rosetta distanziale ","0820-352-055","NR",2,{"v":6.531178500000001,"d":"€ 6.53"},{"v":13.062357000000002,"d":"13.06"},{"$nulls":3},0,{"$nulls":3},0]
["Rondella di registro","0820-352-056","NR",2,{"v":10.0287495,"d":"€ 10.03"},{"v":20.057499,"d":"20.06"},{"$nulls":3},0,{"$nulls":3},0]
["Rondella di registro","0820-352-057","NR",2,{"v":7.732725000000001,"d":"€ 7.73"},{"v":15.465450000000002,"d":"15.47"},{"$nulls":3},0,{"$nulls":3},0]
["Rosetta distanziale ","0820-352-061","NR",2,{"v":6.495489000000001,"d":"€ 6.50"},{"v":12.990978000000002,"d":"12.99"},{"$nulls":3},0,{"$nulls":3},0]
["Rondella di registro","0820-352-062","NR",2,{"v":8.030137500000002,"d":"€ 8.03"},{"v":16.060275000000004,"d":"16.06"},{"$nulls":3},0,{"$nulls":3},0]
["Rondella di registro","0820-352-064","NR",2,{"v":7.732725000000001,"d":"€ 7.73"},{"v":15.465450000000002,"d":"15.47"},{"$nulls":3},0,{"$nulls":3},0]
["Rosetta distanziale ","0820-352-065","NR",2,{"v":6.888073500000001,"d":"€ 6.89"},{"v":13.776147000000002,"d":"13.78"},{"$nulls":3},0,{"$nulls":3},0]
["Rosetta distanziale ","0820-352-066","NR",2,{"v":8.077723500000001,"d":"€ 8.08"},{"v":16.155447000000002,"d":"16.16"},{"$nulls":3},0,{"$nulls":3},0]
["Rosetta distanziale ","0820-352-067","NR",2,{"v":6.531178500000001,"d":"€ 6.53"},{"v":13.062357000000002,"d":"13.06"},{"$nulls":3},0,{"$nulls":3},0]
["Rosetta distanziale ","0820-352-068","NR",1,{"v":6.531178500000001,"d":"€ 6.53"},{"$f":"SUM(E260*D260)","v":{"v":6.531178500000001,"d":"6.53"}},{"$nulls":3},{"$f":"I260*D260","v":0},{"$nulls":3},{"$f":"M260*D260","v":0}]
["Rosetta distanziale ","0820-352-069","NR",2,{"v":6.531178500000001,"d":"€ 6.53"},{"v":13.062357000000002,"d":"13.06"},{"$nulls":3},0,{"$nulls":3},0]
["Rosetta distanziale ","0820-352-070","NR",2,{"v":6.507385500000001,"d":"€ 6.51"},{"v":13.014771000000001,"d":"13.01"},{"$nulls":3},0,{"$nulls":3},0]
["ROSETTA DISTANZIALE ","0820-352-071","NR",2,{"v":6.531178500000001,"d":"€ 6.53"},{"v":13.062357000000002,"d":"13.06"},{"$nulls":3},0,{"$nulls":3},0]
["Rosetta distanziale ","0820-352-072","NR",2,{"v":6.531178500000001,"d":"€ 6.53"},{"v":13.062357000000002,"d":"13.06"},{"$nulls":3},0,{"$nulls":3},0]
["Rosetta distanziale ","0820-352-073","NR",2,{"v":6.531178500000001,"d":"€ 6.53"},{"v":13.062357000000002,"d":"13.06"},{"$nulls":3},0,{"$nulls":3},0]
["Rosetta distanziale ","0820-352-074","NR",2,{"v":6.531178500000001,"d":"€ 6.53"},{"v":13.062357000000002,"d":"13.06"},{"$nulls":3},0,{"$nulls":3},0]
["Rosetta distanziale ","0820-352-075","NR",2,{"v":6.531178500000001,"d":"€ 6.53"},{"v":13.062357000000002,"d":"13.06"},{"$nulls":3},0,{"$nulls":3},0]
["Rondella di registro","0820-352-077","NR",2,{"v":16.107861,"d":"€ 16.11"},{"v":32.215722,"d":"32.22"},{"$nulls":3},0,{"$nulls":3},0]
["Rondella di registro","0820-352-080","NR",2,{"v":7.399623000000001,"d":"€ 7.40"},{"v":14.799246000000002,"d":"14.80"},{"$nulls":3},0,{"$nulls":3},0]
["Rondella di registro","0820-352-081","NR",2,{"v":8.708238000000001,"d":"€ 8.71"},{"v":17.416476000000003,"d":"17.42"},{"$nulls":3},0,{"$nulls":3},0]
["Rondella di registro","0820-352-082","NR",2,{"v":8.708238000000001,"d":"€ 8.71"},{"v":17.416476000000003,"d":"17.42"},{"$nulls":3},0,{"$nulls":3},0]
["Rondella di registro","0820-352-083","NR",2,{"v":34.809159000000015,"d":"€ 34.81"},{"v":69.61831800000003,"d":"69.62"},{"$nulls":3},0,{"$nulls":3},0]
["Rondella di registro","0820-352-085","NR",2,{"v":8.708238000000001,"d":"€ 8.71"},{"v":17.416476000000003,"d":"17.42"},{"$nulls":3},0,{"$nulls":3},0]
["Rondella di registro","0820-352-086","NR",2,{"v":8.708238000000001,"d":"€ 8.71"},{"v":17.416476000000003,"d":"17.42"},{"$nulls":3},0,{"$nulls":3},0]
["Rondella di registro","0820-352-088","NR",2,{"v":8.708238000000001,"d":"€ 8.71"},{"v":17.416476000000003,"d":"17.42"},{"$nulls":3},0,{"$nulls":3},0]
["Rondella di registro","0820-352-089","NR",2,{"v":8.708238000000001,"d":"€ 8.71"},{"v":17.416476000000003,"d":"17.42"},{"$nulls":3},0,{"$nulls":3},0]
["Rondella di registro","0820-352-090","NR",2,{"v":33.833646,"d":"€ 33.83"},{"v":67.667292,"d":"67.67"},{"$nulls":3},0,{"$nulls":3},0]
["Rondella di registro","0820-352-092","NR",2,{"v":7.399623000000001,"d":"€ 7.40"},{"v":14.799246000000002,"d":"14.80"},{"$nulls":3},0,{"$nulls":3},0]
["Rondella di registro","0820-352-093","NR",2,{"v":8.708238000000001,"d":"€ 8.71"},{"v":17.416476000000003,"d":"17.42"},{"$nulls":3},0,{"$nulls":3},0]
["Rondella di registro","0820-352-094","NR",2,{"v":8.708238000000001,"d":"€ 8.71"},{"v":17.416476000000003,"d":"17.42"},{"$nulls":3},0,{"$nulls":3},0]
["Rondella di registro","0820-352-095","NR",2,{"v":8.708238000000001,"d":"€ 8.71"},{"v":17.416476000000003,"d":"17.42"},{"$nulls":3},0,{"$nulls":3},0]
["Rondella di registro","0820-352-096","NR",2,{"v":8.708238000000001,"d":"€ 8.71"},{"v":17.416476000000003,"d":"17.42"},{"$nulls":3},0,{"$nulls":3},0]
["ANELLO","0820-352-153","NR",4,{"v":59.51818950000001,"d":"€ 59.52"},{"v":238.07275800000005,"d":"238.07"},{"$nulls":3},0,{"$nulls":3},0]
["Cuscinetto ","0820-352-154","NR",4,{"v":23.578863000000005,"d":"€ 23.58"},{"v":94.31545200000002,"d":"94.32"},{"$nulls":3},0,{"$nulls":3},0]
["Rosetta distanziale ","0820-352-162","NR",2,{"v":6.531178500000001,"d":"€ 6.53"},{"v":13.062357000000002,"d":"13.06"},{"$nulls":3},0,{"$nulls":3},0]
["Rosetta distanziale ","0820-352-163","NR",2,{"v":6.531178500000001,"d":"€ 6.53"},{"v":13.062357000000002,"d":"13.06"},{"$nulls":3},0,{"$nulls":3},0]
["Rosetta distanziale ","0820-352-166","NR",2,{"v":6.602557500000001,"d":"€ 6.60"},{"v":13.205115000000003,"d":"13.21"},{"$nulls":3},0,{"$nulls":3},0]
["ANELLO","0820-352-179","NR",4,{"v":7.435312500000001,"d":"€ 7.44"},{"v":29.741250000000004,"d":"29.74"},{"$nulls":3},0,{"$nulls":3},0]
["BULLONE FISSAGGIO CE","0820-352-239","NR",20,{"v":12.408049500000002,"d":"€ 12.41"},{"v":248.16099000000006,"d":"248.16"},{"$nulls":3},0,{"$nulls":3},0]
["LAMIERA    ","0820-352-241","NR",2,{"v":8.922375,"d":"€ 8.92"},{"v":17.84475,"d":"17.84"},{"$nulls":3},0,{"$nulls":3},0]
["ANELLO","0820-352-245","NR",2,{"v":63.94368750000001,"d":"€ 63.94"},{"v":127.88737500000002,"d":"127.89"},{"$nulls":3},0,{"$nulls":3},0]
["Guarnizione","0820-352-246","NR",2,{"v":47.88341250000001,"d":"€ 47.88"},{"v":95.76682500000003,"d":"95.77"},{"$nulls":3},0,{"$nulls":3},0]
["Pastiglie del freno ","0821-351-000","NR",20,{"v":209.37840000000003,"d":"€ 209.38"},{"v":4187.568,"d":"4,187.57"},{"$nulls":3},0,{"$nulls":3},0]
["Rondella di registro","0870-007-941","NR",2,{"v":23.495587500000003,"d":"€ 23.50"},{"v":46.991175000000005,"d":"46.99"},{"$nulls":3},0,{"$nulls":3},0]
["SPESSORE FUSELLO    ","0870-027-000","NR",2,{"v":7.399623000000001,"d":"€ 7.40"},{"v":14.799246000000002,"d":"14.80"},{"$nulls":3},0,{"$nulls":3},0]
["SPESSORE   ","0870-029-000","NR",2,{"v":7.399623000000001,"d":"€ 7.40"},{"v":14.799246000000002,"d":"14.80"},{"$nulls":3},0,{"$nulls":3},0]
["Rondella di registro","0870-105-923","NR",2,{"v":7.399623000000001,"d":"€ 7.40"},{"v":14.799246000000002,"d":"14.80"},{"$nulls":3},0,{"$nulls":3},0]
["Rondella di registro","0870-105-926","NR",2,{"v":7.399623000000001,"d":"€ 7.40"},{"v":14.799246000000002,"d":"14.80"},{"$nulls":3},0,{"$nulls":3},0]
["Rondella di registro","0870-111-640","NR",2,{"v":7.316347500000001,"d":"€ 7.32"},{"v":14.632695000000002,"d":"14.63"},{"$nulls":3},0,{"$nulls":3},0]
["Snodo      ","1021-400-020","NR",5,{"v":3.1799344500000006,"d":"€ 3.18"},{"v":15.899672250000004,"d":"15.90"},{"$nulls":3},0,{"$nulls":3},0]
["Snodo per leva      ","1021-400-110","NR",10,{"v":5.888767500000001,"d":"€ 5.89"},{"v":58.88767500000001,"d":"58.89"},{"$nulls":3},0,{"$nulls":3},0]
["Sensore di bassa pre","1021-406-000","NR",3,{"v":40.724098800000014,"d":"€ 40.72"},{"v":122.17229640000005,"d":"122.17"},{"$nulls":3},0,{"$nulls":3},0]
["VALVOLA LIMITATRICE ","1102-199-000","NR",2,{"v":107.84296215000003,"d":"€ 107.84"},{"v":215.68592430000007,"d":"215.69"},{"$nulls":3},0,{"$nulls":3},0]
["VALVOLA A QUATTRO CI","1102-252-000","NR",2,{"v":79.07960445,"d":"€ 79.08"},{"v":158.1592089,"d":"158.16"},{"$nulls":3},0,{"$nulls":3},0]
["PINZA FRENO","1102-302-001","NR",1,{"v":1308.615,"d":"€ 1,308.62"},{"v":1308.615,"d":"1,308.62"},{"$nulls":3},0,{"$nulls":3},0]
["VALVOLA DEL FRENO A ","1102-662-000","NR",2,{"v":202.29879285000004,"d":"€ 202.30"},{"v":404.5975857000001,"d":"404.60"},{"$nulls":3},0,{"$nulls":3},0]
["Filtro     ","1102-751-110","NR",20,{"v":51.440466000000015,"d":"€ 51.44"},{"v":1028.8093200000003,"d":"1,028.81"},{"$nulls":3},0,{"$nulls":3},0]
["ESSICATORE ARIA PNEU","1102-751-140","NR",2,{"v":135.35837700000002,"d":"€ 135.36"},{"v":270.71675400000004,"d":"270.72"},{"$nulls":3},0,{"$nulls":3},0]
["SENSORE    ","1102-905-310","NR",2,{"v":10.112025000000003,"d":"€ 10.11"},{"v":20.224050000000005,"d":"20.22"},{"$nulls":3},0,{"$nulls":3},0]
["SENSORE ABS","1102-905-330","NR",2,{"v":56.99,"d":"€ 56.99"},113.98,{"$nulls":3},0,{"$nulls":3},0]
["CENTRALINA EBS","1102-960-940","NR",1,{"v":699.15,"d":"€ 699.15"},699.15,{"$nulls":3},0,{"$nulls":3},0]
["TUBO FRENO IU12 COTR","1104-143-164","NR",1,{"v":71.03,"d":"€ 71.03"},71.03,{"$nulls":3},0,{"$nulls":3},0]
["TUBO FRENO IU12 COTR","1104-143-165","NR",1,{"v":71.03,"d":"€ 71.03"},71.03,{"$nulls":3},0,{"$nulls":3},0]
["ANELLO","1105-900-006","NR",10,{"v":0.8244274500000002,"d":"€ 0.82"},{"v":8.244274500000001,"d":"8.24"},{"$nulls":3},0,{"$nulls":3},0]
["Fissaggio  ","1203-200-000","NR",2,{"v":37.34787210000001,"d":"€ 37.35"},{"v":74.69574420000002,"d":"74.70"},{"$nulls":3},0,{"$nulls":3},0]
["GOMMA      ","1203-200-001","NR",2,{"v":99.58560150000001,"d":"€ 99.59"},{"v":199.17120300000002,"d":"199.17"},{"$nulls":3},0,{"$nulls":3},0]
["BIELLA BARRA STABILI","1203-228-600","NR",2,{"v":235.14502935000007,"d":"€ 235.15"},{"v":470.29005870000015,"d":"470.29"},{"$nulls":3},0,{"$nulls":3},0]
["BIELLA BARRA STABILI","1203-228-700","NR",2,{"v":231.25844280000007,"d":"€ 231.26"},{"v":462.51688560000014,"d":"462.52"},{"$nulls":3},0,{"$nulls":3},0]
["Valvola    ","1304-004-000","NR",20,{"v":3.878259,"d":"€ 3.88"},{"v":77.56518,"d":"77.57"},{"$nulls":3},0,{"$nulls":3},0]
["COPERCHIO DI PROTEZI","1304-400-030","NR",2,{"v":37.545354,"d":"€ 37.55"},{"v":75.090708,"d":"75.09"},{"$nulls":3},0,{"$nulls":3},0]
["Calotta    ","1304-403-070","NR",4,{"v":164.51669850000002,"d":"€ 164.52"},{"v":658.0667940000001,"d":"658.07"},{"$nulls":3},0,{"$nulls":3},0]
["Tappo con logo      ","1304-493-060","NR",2,{"v":7.970655000000002,"d":"€ 7.97"},{"v":15.941310000000003,"d":"15.94"},{"$nulls":3},0,{"$nulls":3},0]
["CENTRALINA ZR","1501-200-041","NR",1,{"v":1238.47,"d":"€ 1,238.47"},{"v":1238.47,"d":"1,238.47"},{"$nulls":3},0,{"$nulls":3},0]
["Riduttore magnetico ","1501-302-100","NR",2,{"v":54.43838400000002,"d":"€ 54.44"},{"$f":"SUM(E324*D324)","v":{"v":108.87676800000004,"d":"108.88"}},{"$nulls":3},{"$f":"I324*D324","v":0},{"$nulls":3},{"$f":"M324*D324","v":0}]
["Fanale Catodiotrico ","1503-016-111","NR",4,{"v":4.1875680000000015,"d":"€ 4.19"},{"v":16.750272000000006,"d":"16.75"},{"$nulls":3},0,{"$nulls":3},0]
["INDICATORE DI DIREZI","1503-119-000","NR",1,{"v":20.728461600000003,"d":"€ 20.73"},{"v":20.728461600000003,"d":"20.73"},{"$nulls":3},0,{"$nulls":3},0]
["Supporto per luci di","1503-152-974","NR",1,{"v":25.805887800000004,"d":"€ 25.81"},{"v":25.805887800000004,"d":"25.81"},{"$nulls":3},0,{"$nulls":3},0]
["LAMPADA LATERALE DI ","1503-154-001","NR",4,{"v":8.885495850000002,"d":"€ 8.89"},{"v":35.54198340000001,"d":"35.54"},{"$nulls":3},0,{"$nulls":3},0]
["Fanale illuminazione","1503-408-000","NR",2,{"v":11.86913805,"d":"€ 11.87"},{"v":23.7382761,"d":"23.74"},{"$nulls":3},0,{"$nulls":3},0]
["LEVA FRECCIA        ","1506-086-100","NR",2,{"v":166.71755100000001,"d":"€ 166.72"},{"v":333.43510200000003,"d":"333.44"},{"$nulls":3},0,{"$nulls":3},0]
["LEVA RETARDER","1506-105-400","NR",2,{"v":390.35985450000015,"d":"€ 390.36"},{"v":780.7197090000003,"d":"780.72"},{"$nulls":3},0,{"$nulls":3},0]
["Pulsante - STOP     ","1506-280-041","NR",4,{"v":6.739367250000003,"d":"€ 6.74"},{"v":26.95746900000001,"d":"26.96"},{"$nulls":3},0,{"$nulls":3},0]
["PULSANTE - STOP     ","1506-280-042","NR",2,{"v":6.739367250000003,"d":"€ 6.74"},{"v":13.478734500000005,"d":"13.48"},{"$nulls":3},0,{"$nulls":3},0]
["POMPETTA LAVACRISTAL","1507-018-010","NR",4,{"v":22.305937500000002,"d":"€ 22.31"},{"v":89.22375000000001,"d":"89.22"},{"$nulls":3},0,{"$nulls":3},0]
["Lampadina  ","1510-155-000","NR",20,{"v":1.4133042000000002,"d":"€ 1.41"},{"v":28.266084000000006,"d":"28.27"},{"$nulls":3},0,{"$nulls":3},0]
["Filtro     ","1512-100-220","NR",20,{"v":29.44,"d":"€ 29.44"},{"v":588.8000000000001,"d":"588.80"},{"$nulls":3},0,{"$nulls":3},0]
["FASCIA     ","1538-000-217","NR",2,{"v":40.95964950000001,"d":"€ 40.96"},{"v":81.91929900000002,"d":"81.92"},{"$nulls":3},0,{"$nulls":3},0]
["Pompa del liquido di","1553-111-000","NR",2,{"v":1215.9769545000001,"d":"€ 1,215.98"},{"v":2431.9539090000003,"d":"2,431.95"},{"$nulls":3},0,{"$nulls":3},0]
["Spinotto maschio    ","1553-548-000","NR",10,{"v":0.20937840000000005,"d":"€ 0.21"},{"v":2.0937840000000003,"d":"2.09"},{"$nulls":3},0,{"$nulls":3},0]
["Supporto   ","1710-000-062","NR",1,{"v":22.717556400000003,"d":"€ 22.72"},{"v":22.717556400000003,"d":"22.72"},{"$nulls":3},0,{"$nulls":3},0]
["Lampada illuminazion","1710-006-154","NR",4,{"v":48.117773550000024,"d":"€ 48.12"},{"v":192.4710942000001,"d":"192.47"},{"$nulls":3},0,{"$nulls":3},0]
["Paraurti posteriore ","1710-006-458","NR",1,{"v":1225.6357228500003,"d":"€ 1,225.64"},{"v":1225.6357228500003,"d":"1,225.64"},{"$nulls":3},0,{"$nulls":3},0]
["PARAURTI POSTERIORE","1710-006-656","NR",1,{"v":1174.5604794,"d":"€ 1,174.56"},{"v":1174.5604794,"d":"1,174.56"},{"$nulls":3},0,{"$nulls":3},0]
["PANNELLO LATERALE","1710-090-423","NR",1,{"v":111.73,"d":"€ 111.73"},111.73,{"$nulls":3},0,{"$nulls":3},0]
["PANNELLO LATERALE","1710-090-434","NR",1,{"v":505.27,"d":"€ 505.27"},505.27,{"$nulls":3},0,{"$nulls":3},0]
["PANNELLO LATERALE","1710-090-441","NR",1,{"v":201.32,"d":"€ 201.32"},201.32,{"$nulls":3},0,{"$nulls":3},0]
["PANNELLO LATERALE","1710-090-447","NR",1,{"v":358.7,"d":"€ 358.70"},{"v":358.7,"d":"358.70"},{"$nulls":3},0,{"$nulls":3},0]
["PANNELLO LATERALE","1710-090-454","NR",1,{"v":201.08,"d":"€ 201.08"},201.08,{"$nulls":3},0,{"$nulls":3},0]
["Fissaggio sensori   ","1792-363-000","NR",4,{"v":4.567066350000002,"d":"€ 4.57"},{"v":18.268265400000008,"d":"18.27"},{"$nulls":3},0,{"$nulls":3},0]
["Elettrodo di accensi","1802-148-460","NR",5,{"v":12.37236,"d":"€ 12.37"},{"v":61.8618,"d":"61.86"},{"$nulls":3},0,{"$nulls":3},0]
["Tubo carburante     ","1802-822-365","NR",2,{"v":79.94448000000003,"d":"€ 79.94"},{"v":159.88896000000005,"d":"159.89"},{"$nulls":3},0,{"$nulls":3},0]
["Sensore di temperatu","1802-900-011","NR",2,{"v":69.74917950000003,"d":"€ 69.75"},{"v":139.49835900000005,"d":"139.50"},{"$nulls":3},0,{"$nulls":3},0]
["Sensore ghiaccio    ","1802-900-031","NR",2,{"v":48.837511800000016,"d":"€ 48.84"},{"v":97.67502360000003,"d":"97.68"},{"$nulls":3},0,{"$nulls":3},0]
["POMPA DI CIRCOLAZION","1802-900-204","NR",2,{"v":803.0137500000001,"d":"€ 803.01"},{"v":1606.0275000000001,"d":"1,606.03"},{"$nulls":3},0,{"$nulls":3},0]
["Riparo schizzi      ","1802-904-210","NR",5,{"v":8.030137500000002,"d":"€ 8.03"},{"v":40.15068750000001,"d":"40.15"},{"$nulls":3},0,{"$nulls":3},0]
["Limitatore di temper","1802-905-508","NR",2,{"v":91.86477300000003,"d":"€ 91.86"},{"v":183.72954600000006,"d":"183.73"},{"$nulls":3},0,{"$nulls":3},0]
["Filtro     ","1802-905-596","NR",20,{"v":26.172300000000003,"d":"€ 26.17"},{"v":523.446,"d":"523.45"},{"$nulls":3},0,{"$nulls":3},0]
["COMPRESSORE KLIMA","1802-907-006","NR",1,{"v":2903.1028950000004,"d":"€ 2,903.10"},{"v":2903.1028950000004,"d":"2,903.10"},{"$nulls":3},0,{"$nulls":3},0]
["BOCCHETTA AREAZIONE ","1803-304-000","NR",20,{"v":3.4678297500000004,"d":"€ 3.47"},{"v":69.35659500000001,"d":"69.36"},{"$nulls":3},0,{"$nulls":3},0]
["MOTORE A PASSO      ","1803-922-561","NR",2,{"v":164.29661325000006,"d":"€ 164.30"},{"v":328.5932265000001,"d":"328.59"},{"$nulls":3},0,{"$nulls":3},0]
["Radiatore  ","1803-922-653","NR",2,{"v":449.6877,"d":"€ 449.69"},{"v":899.3754,"d":"899.38"},{"$nulls":3},0,{"$nulls":3},0]
["Guarnizione","1804-160-697","NR",10,{"v":3.747397500000001,"d":"€ 3.75"},{"v":37.47397500000001,"d":"37.47"},{"$nulls":3},0,{"$nulls":3},0]
["CENTRALINA COMANDO K","1808-100-060","NR",1,{"v":709.8058621500002,"d":"€ 709.81"},{"v":709.8058621500002,"d":"709.81"},{"$nulls":3},0,{"$nulls":3},0]
["LATERALE TENDA AVVOL","1904-146-015","NR",2,{"v":197.45691735,"d":"€ 197.46"},{"v":394.9138347,"d":"394.91"},{"$nulls":3},0,{"$nulls":3},0]
["COPPA BUS CON VETRO ","1905-024-056","NR",2,{"v":173.12976450000008,"d":"€ 173.13"},{"v":346.25952900000016,"d":"346.26"},{"$nulls":3},0,{"$nulls":3},0]
["Coppa Con Vetro Dopp","1905-024-061","NR",1,{"v":179.13630735000004,"d":"€ 179.14"},{"v":179.13630735000004,"d":"179.14"},{"$nulls":3},0,{"$nulls":3},0]
["Inserto specchio mag","1905-024-067","NR",1,{"v":42.39912600000001,"d":"€ 42.40"},{"v":42.39912600000001,"d":"42.40"},{"$nulls":3},0,{"$nulls":3},0]
["Elemento Specchio Sx","1905-024-068","NR",2,{"v":49.465647000000004,"d":"€ 49.47"},{"v":98.93129400000001,"d":"98.93"},{"$nulls":3},0,{"$nulls":3},0]
["Specchio Esteriore D","1905-024-107","NR",1,{"v":434.06759550000004,"d":"€ 434.07"},{"v":434.06759550000004,"d":"434.07"},{"$nulls":3},0,{"$nulls":3},0]
["Conduttore 10pin    ","1905-024-111","NR",1,{"v":37.09923525000001,"d":"€ 37.10"},{"v":37.09923525000001,"d":"37.10"},{"$nulls":3},0,{"$nulls":3},0]
["SPECCHIO ESTERNO","1905-502-001","NR",1,{"v":782.9705268000004,"d":"€ 782.97"},{"v":782.9705268000004,"d":"782.97"},{"$nulls":3},0,{"$nulls":3},0]
["SPECCHIO ESTERNO","1905-503-001","NR",1,{"v":382.29878610000003,"d":"€ 382.30"},{"v":382.29878610000003,"d":"382.30"},{"$nulls":3},0,{"$nulls":3},0]
["Specchietto Esterno ","1905-504-000","NR",1,{"v":56.38822035000002,"d":"€ 56.39"},{"v":56.38822035000002,"d":"56.39"},{"$nulls":3},0,{"$nulls":3},0]
["MANICO     ","1906-041-025","NR",2,{"v":7.694656200000001,"d":"€ 7.69"},{"v":15.389312400000001,"d":"15.39"},{"$nulls":3},0,{"$nulls":3},0]
["Molla a gas","1912-013-006","NR",6,{"v":15.953206500000002,"d":"€ 15.95"},{"v":95.71923900000002,"d":"95.72"},{"$nulls":3},0,{"$nulls":3},0]
["MOLLA A GAS","1912-110-005","NR",2,{"v":11.634777000000001,"d":"€ 11.63"},{"v":23.269554000000003,"d":"23.27"},{"$nulls":3},0,{"$nulls":3},0]
["Vetro parete divisor","1914-008-000","NR",2,{"v":99.95,"d":"€ 99.95"},{"v":199.9,"d":"199.90"},{"$nulls":3},0,{"$nulls":3},0]
["Elemento Della Serra","1960-205-591","NR",10,{"v":0.5365321500000001,"d":"€ 0.54"},{"v":5.365321500000001,"d":"5.37"},{"$nulls":3},0,{"$nulls":3},0]
["Elemento Della Serra","1960-205-592","NR",10,{"v":1.3740457500000005,"d":"€ 1.37"},{"v":13.740457500000005,"d":"13.74"},{"$nulls":3},0,{"$nulls":3},0]
["ELEMENTO DI FISSAGGI","1960-600-642","NR",2,{"v":14.237731200000004,"d":"€ 14.24"},{"v":28.47546240000001,"d":"28.48"},{"$nulls":3},0,{"$nulls":3},0]
["PARABREZZA IU12 COTR","2200-000-619","NR",7,{"v":1544.2965615,"d":"€ 1,544.30"},{"v":10810.075930500001,"d":"10,810.08"},{"$nulls":3},0,{"$nulls":3},0]
["FINESTRINO CONDUCENT","2200-000-669","NR",1,{"v":1599.1275300000002,"d":"€ 1,599.13"},{"v":1599.1275300000002,"d":"1,599.13"},{"$nulls":3},0,{"$nulls":3},0]
["Pannello sotto il ve","2200-000-723","NR",1,{"v":159.74263305000002,"d":"€ 159.74"},{"v":159.74263305000002,"d":"159.74"},{"$nulls":3},0,{"$nulls":3},0]
["VETRO LATERALE      ","2200-000-900","NR",4,{"v":803.53,"d":"€ 803.53"},{"v":3214.12,"d":"3,214.12"},{"$nulls":3},0,{"$nulls":3},0]
["VETRO LATERALE      ","2200-000-961","NR",4,{"v":534.88,"d":"€ 534.88"},{"v":2139.52,"d":"2,139.52"},{"$nulls":3},0,{"$nulls":3},0]
["VETRO LATERALE      ","2200-000-966","NR",4,{"v":493.84512870000015,"d":"€ 493.85"},{"v":1975.3805148000006,"d":"1,975.38"},{"$nulls":3},0,{"$nulls":3},0]
["VETRO LATERALE      ","2200-000-968","NR",4,{"v":558.7131742500002,"d":"€ 558.71"},{"v":2234.8526970000007,"d":"2,234.85"},{"$nulls":3},0,{"$nulls":3},0]
["VETRO LATERALE      ","2200-000-969","NR",4,{"v":624.0523212,"d":"€ 624.05"},{"$f":"SUM(E388*D388)","v":{"v":2496.2092848,"d":"2,496.21"}},{"$nulls":3},{"$f":"I388*D388","v":0},{"$nulls":3},{"$f":"M388*D388","v":0}]
["VETRO LATERALE","2200-001-010","NR",4,{"v":324.8898460500001,"d":"€ 324.89"},{"v":1299.5593842000003,"d":"1,299.56"},{"$nulls":3},0,{"$nulls":3},0]
["VETRO LATERALE","2200-001-014","NR",1,{"v":294.92256255000007,"d":"€ 294.92"},{"v":294.92256255000007,"d":"294.92"},{"$nulls":3},0,{"$nulls":3},0]
["VETRO LATERALE","2200-001-015","NR",4,{"v":294.92256255000007,"d":"€ 294.92"},{"v":1179.6902502000003,"d":"1,179.69"},{"$nulls":3},0,{"$nulls":3},0]
["PANELLO SOTTOPARABRE","2200-001-144","NR",7,{"v":221.4,"d":"€ 221.40"},{"v":1549.8,"d":"1,549.80"},{"$nulls":3},0,{"$nulls":3},0]
["VETRO POSTERIORE    ","2200-001-351","NR",1,{"v":374.6564745000002,"d":"€ 374.66"},{"v":374.6564745000002,"d":"374.66"},{"$nulls":3},0,{"$nulls":3},0]
["LUNOTTO POSTERIORE","2200-001-392","NR",7,{"v":443.9,"d":"€ 443.90"},{"v":3107.2999999999997,"d":"3,107.30"},{"$nulls":3},0,{"$nulls":3},0]
["PARABREZZA","2200-002-001","NR",1,{"v":1592.5582827000005,"d":"€ 1,592.56"},{"v":1592.5582827000005,"d":"1,592.56"},{"$nulls":3},0,{"$nulls":3},0]
["VETRO LATERALE","2200-002-423","NR",1,{"v":294.92256255000007,"d":"€ 294.92"},{"v":294.92256255000007,"d":"294.92"},{"$nulls":3},0,{"$nulls":3},0]
["VETRO LATERALE","2200-002-468","NR",1,{"v":294.92256255000007,"d":"€ 294.92"},{"v":294.92256255000007,"d":"294.92"},{"$nulls":3},0,{"$nulls":3},0]
["vetro vasistas","2203-041-107","NR",1,{"v":273.4220181,"d":"€ 273.42"},{"v":273.4220181,"d":"273.42"},{"$nulls":3},0,{"$nulls":3},0]
["Serratura  ","2205-154-071","NR",4,{"v":13.609596000000005,"d":"€ 13.61"},{"v":54.43838400000002,"d":"54.44"},{"$nulls":3},0,{"$nulls":3},0]
["PELLICOLA OSCURANTE ","2207-003-051","NR",1,{"v":23.8,"d":"€ 23.80"},{"v":23.8,"d":"23.80"},{"$nulls":3},0,{"$nulls":3},0]
["SPORTELLO CARBURANTE","2301-903-101","NR",2,{"v":72.27480645000001,"d":"€ 72.27"},{"v":144.54961290000003,"d":"144.55"},{"$nulls":3},0,{"$nulls":3},0]
["SPORTELLO CARBURANTE","2301-903-210","NR",2,{"v":82.44274500000003,"d":"€ 82.44"},{"v":164.88549000000006,"d":"164.89"},{"$nulls":3},0,{"$nulls":3},0]
["Serratura  ","2302-550-103","NR",1,{"v":18.229006950000006,"d":"€ 18.23"},{"v":18.229006950000006,"d":"18.23"},{"$nulls":3},0,{"$nulls":3},0]
["CHIAVE A 3 FUNZIONI ","2302-552-072","NR",10,{"v":8.3,"d":"€ 8.30"},{"v":83,"d":"83.00"},{"$nulls":3},0,{"$nulls":3},0]
["ELEMENTO REGOLAZIONE","2501-170-119","NR",2,{"v":140.53216485000002,"d":"€ 140.53"},{"v":281.06432970000003,"d":"281.06"},{"$nulls":3},0,{"$nulls":3},0]
["Antenna Df-106000501","2602-052-000","NR",2,{"v":17.430751800000007,"d":"€ 17.43"},{"v":34.86150360000001,"d":"34.86"},{"$nulls":3},0,{"$nulls":3},0]
["Segnalatore acustico","2602-770-110","NR",1,{"v":226.94001330000006,"d":"€ 226.94"},{"v":226.94001330000006,"d":"226.94"},{"$nulls":3},0,{"$nulls":3},0]
["Filtro     ","5104-504-020","NR",20,{"v":5.3,"d":"€ 5.30"},{"v":106,"d":"106.00"},{"$nulls":3},0,{"$nulls":3},0]
["VETRO PORTA","5300-007-023","NR",1,{"v":789.7,"d":"€ 789.70"},{"v":789.7,"d":"789.70"},{"$nulls":3},0,{"$nulls":3},0]
["POTENZIOMETRO RALLA","5300-009-897","NR",1,{"v":439.69464000000005,"d":"€ 439.69"},{"v":439.69464000000005,"d":"439.69"},{"$nulls":3},0,{"$nulls":3},0]
["PREZZO TOTALE LISTINO RICAMBI ",{"$nulls":4},{"$f":"SUM(F4:F410)","v":{"v":240000.00085384963,"d":"240,000.00"}},"PREZZO TOTALE RICAMBI ORIGINALI OFFERTI (A)",null,null,{"$f":"SUM(J4:J410)","v":0},"PREZZO TOTALE RICAMBI EQUIVALENTI OFFERTI (B)",null,null,{"$f":"SUM(N4:N410)","v":0}]
[]
[]
[{"$nulls":6},"PREZZO TOTALE OFFERTO (A+B) IN CIFRE     €",{"$nulls":5},{"$f":"J411+N411","v":0}]
[]
["SCONTI RICAMBI FUORI LISTINO",{"$nulls":5},"PREZZO TOTALE OFFERTO (A+B) IN LETTERE     €"]
["TIPOLOOGIA DI RICAMBI","CATEGORIA LISTINO","Sconto\nOfferto\n%"]
["ORIGINALE"]
["EQUIVALENTE",{"$nulls":4},"Data____________________________",null,null,"Timbro Ditta e firma________________________________________"]

{"sheet":"Foglio2","index":1,"n_rows":0,"n_cols":0,"rows_kept":0}